=LDR 00000nam 2200000 4500 =001 INLIS000000000055067 =005 20200310024905 =035 ##$$a 0010-0320000174 =007 ta =008 200310###########################0#ind## =020 ##$$a 978-602-1310-13-7 =082 ##$$a 899.221 3 =084 ##$$a 899.221 3 Nan c =100 #$$a Nana Sastrawan =245 1#$$a Cinta di usia muda /$c Nana Sastrawan =260 ##$$a Jakarta :$b Euthenia,$c 2014 =300 ##$$a iv, 192 halaman ; $c 19 Cm =650 #4$$a Fiksi Indonesia =700 #$$a Editor ; Putra =990 ##$$a 18821882 =990 ##$$a 18821882 =990 ##$$a 61901182 =990 ##$$a 6202001882 =990 ##$$a 61901183 =990 ##$$a 61901182